Alphabet - Davor oder Danach? - Statistiken

Allgemein
  • Dieses Quiz wurde 149 mal gespielt
  • Das Durchschnittsergebnis liegt bei 17 aus 20
Antwortstatistiken
Hint Antwort % Korrekt
Xylophon
91%
Geige
89%
Trompete
89%
Otter
89%
Heimat
88%
Eisenbahn
87%
Matte
87%
Zug
87%
Schein
87%
Preisschild
87%
Verpackung
86%
Auto
85%
Biene
84%
Motor
84%
Gabelstapler
83%
Kraft
82%
Kissen
82%
Süßigkeiten
81%
Liebling
79%
Montag
72%
Keine übereinstimmenden Quizze gefunden
Verteilung der Resultate
Anzahl Personen mit jedem Resultat
Perzentil nach korrekt beantworteten Fragen
Ihre Resultats-Entwicklung
Sie haben dieses Quiz noch nicht gespielt